| 000 | 00820nam a2200289Ia 4500 | ||
|---|---|---|---|
| 001 | Z_4733 | ||
| 003 | CHAP | ||
| 008 | 220113s1975 xx 000 0 und d | ||
| 010 | _a167782 | ||
| 040 | _cCHAP | ||
| 082 | _a636.0824 H65 | ||
| 100 |
_aHoly, Lubos _956030 |
||
| 245 |
_aBiología de la reproducción bovina : introducción al proceso del examen de fertilidad de la hembra y del macho / _cpor Lubos Holy y G. Martínez Jústiz |
||
| 260 |
_aLa Habana : _bInstituto Cubano del Libro, _c1975 |
||
| 300 | _a454 p. ; ilus. | ||
| 440 | _a | ||
| 500 | _a | ||
| 503 | _a | ||
| 650 |
_aGanado vacuno _xFecundidad _945466 |
||
| 650 |
_aReproducción animal I. Martínez Jústiz, G II. t _9142057 |
||
| 901 | _a636.0824 H65 | ||
| 902 | _aA | ||
| 910 | _a1975 | ||
| 942 | _c1 | ||
| 942 | _cc1 | ||
| 999 |
_c167782 _d167782 |
||